Catálogo público

Cellular and molecular biology of filamentous fungi / (Record no. 208580)

MARC details
000 -CABECERA
campo de control de longitud fija 00910nam a2200301Ia 4500
001 - NÚMERO DE CONTROL
campo de control Para_9918
003 - IDENTIFICADOR DEL NÚMERO DE CONTROL
campo de control CHAP
008 - DATOS DE LONGITUD FIJA--INFORMACIÓN GENERAL
campo de control de longitud fija 220125s2010 xx 000 0 und d
010 ## - NÚMERO DE CONTROL DE LA BIBLIOTECA DEL CONGRESO
Número de control de LC 208580
020 ## - NÚMERO INTERNACIONAL ESTÁNDAR DEL LIBRO
Número Internacional Estándar del Libro 978 - 1 - 55581 - 473 - 1
040 ## - FUENTE DE LA CATALOGACIÓN
Centro/agencia transcriptor CHAP
082 ## - NÚMERO DE LA CLASIFICACIÓN DECIMAL DEWEY
Número de clasificación PA 589.2 C45 2010
245 ## - MENCIÓN DE TÍTULO
Título Cellular and molecular biology of filamentous fungi /
Mención de responsabilidad, etc. editado Katherine A. Borkovich, Daniel J. Ebbole
260 ## - PUBLICACIÓN, DISTRIBUCIÓN, ETC.
Lugar de publicación, distribución, etc. Washington, Dc. :
Nombre del editor, distribuidor, etc. ASM Press
300 ## - DESCRIPCIÓN FÍSICA
Extensión 788 p.
500 ## - NOTA GENERAL
Nota general Incluye referencias bibliográficas e índice
650 ## - PUNTO DE ACCESO ADICIONAL DE MATERIA--TÉRMINO DE MATERIA
Término de materia o nombre geográfico como elemento de entrada Hongos Genética
9 (RLIN) 175031
650 ## - PUNTO DE ACCESO ADICIONAL DE MATERIA--TÉRMINO DE MATERIA
Término de materia o nombre geográfico como elemento de entrada Micología
9 (RLIN) 75476
700 ## - PUNTO DE ACCESO ADICIONAL--NOMBRE DE PERSONA
Nombre de persona Borkovich, Katherine A., ed.
9 (RLIN) 175032
700 ## - PUNTO DE ACCESO ADICIONAL--NOMBRE DE PERSONA
Nombre de persona Ebbole, Daniel J., ed.
9 (RLIN) 175033
901 ## - ELEMENTOS DE DATOS A LOCAL LDA (RLIN)
a PA 589.2 C45 2010
902 ## - ELEMENTOS DE DATOS B LOCAL, LDB (RLIN)
a M
905 ## - ELEMENTOS DE DATOS E LOCAL, LDE (RLIN)
a 5232202010 a 8000000300 06
910 ## - DATOS DE OPCIÓN DEL USUARIO (OCLC)
Datos de opción del usuario 2010
942 ## - ELEMENTOS DE PUNTO DE ACCESO ADICIONAL (KOHA)
Tipo de ítem Koha Parasitologia_
942 ## - ELEMENTOS DE PUNTO DE ACCESO ADICIONAL (KOHA)
Tipo de ítem Koha Parasitologia_
-- 1
Holdings
Estado de retiro Estado de pérdida Fuente del sistema de clasificación o colocación Estado dañado Restricciones de uso No para préstamo Código de colección Localización permanente Ubicación/localización actual Fecha de adquisición Información codificada de la localización en otra ubicación Número de inventario Total de préstamos Renovaciones totales Signatura topográfica completa Código de barras Fecha visto por última vez Fecha del último préstamo Número de copia Precio válido a partir de Tipo de ítem Koha Nota pública
    Dewey Decimal Classification   Préstamo 3 días   General Parasitologia Agricola Parasitologia Agricola 04/09/2014 PARA (PA_010062) (No. UACh C/E) 4 4 PA 589.2 C45 2010 4102000627 11/07/2023 07/07/2023 Ej.2 25/01/2022 Libro 3
    Dewey Decimal Classification   Préstamo interno   General Parasitologia Agricola Parasitologia Agricola 02/09/2014 PARA (PA_010061) (No. UACh C/E)     PA 589.2 C45 2010 4102000626 25/01/2022   Ej.1 25/01/2022 Libro 3